|
|
|
|
| LEADER |
01274nam a2200277 a 4500 |
| 001 |
c000017666 |
| 003 |
CARM |
| 005 |
00000000000000.0 |
| 008 |
s1972 qea b 10000 eng d |
| 019 |
1 |
|
|a 7402311
|z 45902560
|5 LACONCORD2021
|
| 035 |
|
|
|a (OCoLC)220828988
|5 LACONCORD2021
|
| 040 |
|
|
|a VU
|c VU
|
| 042 |
|
|
|a anuc
|
| 245 |
0 |
0 |
|a Deputy principal - Pooh-Bah or principal in the making? :
|b a conference for deputy principals of state and independent high schools /
|c organised by the Department of Education, University of Queensland in co-operation with the State Education Department, Queensland.
|
| 260 |
|
|
|a St. Lucia, Qld. :
|b The University,
|c [1972?]
|
| 300 |
|
|
|a 87 p.
|
| 500 |
|
|
|a Cover title.
|
| 500 |
|
|
|a Conference held on the 11th and 12th August, 1972.
|
| 504 |
|
|
|a Includes bibliographical references.
|
| 650 |
|
0 |
|a School management and organization
|z Queensland
|x Congresses.
|
| 710 |
2 |
0 |
|a University of Queensland.
|b Dept. of Education
|
| 710 |
1 |
0 |
|a Queensland.
|b Dept. of Education
|
| 852 |
8 |
|
|b CARM
|h A2:AN18C0
|i D03978
|p 0183575
|f BK
|
| 082 |
0 |
4 |
|a 371.207
|2 20
|
| 999 |
f |
f |
|i fef1ff7b-d89d-5ca4-97e6-a9331e1eda85
|s 739923fa-6ca2-5b07-948c-a7f05339b645
|
| 952 |
f |
f |
|p Can circulate
|a CAVAL
|b CAVAL
|c CAVAL
|d CARM 1 Store
|e D03978
|f A2:AN18C0
|h Other scheme
|i book
|m 0183575
|